000 00659nam a22001695i 4500
001 153675
003 ES-MaACL
005 20230906205333.0
008 980909s1876 sp |||| | spa d
040 _aCAM
_bspa
_cCAM
110 2 _aErmitaños de San Pablo.
_9134352
245 1 0 _aManual que contiene las prácticas religiosas que observan los Ermitaños de San Pablo del yermo ó desierto de la ciudad de Córdoba ...
250 _a4ª ed. corregida y aumentada.
260 _aMadrid :
_b[s.n.],
_c1876 (
_fimprenta de la V. é Hijo de E. Aguado)
300 _a74 p. ;
_c15 cm.
852 _aES-MaACL
_jFol-Laf-543
_z-- Sin enc.
_z-- Legado M. de la Fuente
999 _c153675
_d153675